000
002650000a22001090004500
090
_a
AR
_b
04415
245
1
0
_a
Cycnoches Ventricosum complex
041
0
_a
Inglés
100
1
_a
Carr, George F.
_9
98297
942
_c
ARTICULO
773
1
_t
Orchid Digest
_h
1
_q
29-35
_d
2000
_g
64
999
_c
13512
_d
13512